000
00280nam a2200133Ia 4500
008
230312s9999||||xx |||||||||||||| ||und||
082
_a
657
_b
GHA-A
100
_a
Ghani;M,A
245
0
_a
Advanced accounting
260
_a
PK
300
_a
743
650
_a
Accounting
942
_c
BK
999
_c
2085
_d
2085